Time travel in einstein's universe: (Record no. 122573)
[ view plain ]
| 000 -LEADER | |
|---|---|
| fixed length control field | 00535nam a22001577a 4500 |
| 008 - FIXED-LENGTH DATA ELEMENTS--GENERAL INFORMATION | |
| fixed length control field | 150407b xxu||||| |||| 00| 0 eng d |
| 020 ## - INTERNATIONAL STANDARD BOOK NUMBER | |
| International Standard Book Number | 9780618257355 |
| 050 ## - LIBRARY OF CONGRESS CALL NUMBER | |
| Classification number | QC173.59.S65.G67 2001 |
| 100 ## - MAIN ENTRY--PERSONAL NAME | |
| Personal name | Gott, J. Richard 111 |
| 9 (RLIN) | 16906 |
| 245 ## - TITLE STATEMENT | |
| Title | Time travel in einstein's universe: |
| Remainder of title | the physical possibilities of travel through time |
| Statement of responsibility, etc | /by J. Richard Gott III |
| 260 ## - PUBLICATION, DISTRIBUTION, ETC. (IMPRINT) | |
| Place of publication, distribution, etc | Boston |
| Name of publisher, distributor, etc | Mariner book |
| Date of publication, distribution, etc | 2001 |
| 300 ## - PHYSICAL DESCRIPTION | |
| Extent | xii,291p. ; |
| Dimensions | 21cm. |
| 650 ## - SUBJECT ADDED ENTRY--TOPICAL TERM | |
| Topical term or geographic name as entry element | Space and time |
| 9 (RLIN) | 2213 |
| 650 ## - SUBJECT ADDED ENTRY--TOPICAL TERM | |
| Topical term or geographic name as entry element | Time travel |
| 9 (RLIN) | 16907 |
| 942 ## - ADDED ENTRY ELEMENTS (KOHA) | |
| Source of classification or shelving scheme | Library of Congress Classification |
| Item type | Monograph ( Printed materials) |
| Withdrawn status | Lost status | Source of classification or shelving scheme | Damaged status | Not for loan | Collection code | Home library | Current library | Shelving location | Date acquired | Total Checkouts | Full call number | Barcode | Date last seen | Price effective from | Koha item type |
|---|---|---|---|---|---|---|---|---|---|---|---|---|---|---|---|
| Library of Congress Classification | Main Collection | ARRUPE LIBRARY | ARRUPE LIBRARY | Main Collection | 07/04/2015 | QC173.59.S65G67 2001 | 46500002558 | 02/07/2019 | 07/04/2015 | Monograph ( Printed materials) |